<?xml version="1.0" encoding="UTF-8"?>
<record
    xmlns:xsi="http://www.w3.org/2001/XMLSchema-instance"
    xsi:schemaLocation="http://www.loc.gov/MARC21/slim http://www.loc.gov/standards/marcxml/schema/MARC21slim.xsd"
    xmlns="http://www.loc.gov/MARC21/slim">

  <leader>00555nam a2200205Ia 4500</leader>
  <controlfield tag="003">OSt</controlfield>
  <controlfield tag="005">20240502162832.0</controlfield>
  <controlfield tag="008">210210b1988   xxu||||| |||| 00| 0 eng d</controlfield>
  <datafield tag="040" ind1=" " ind2=" ">
    <subfield code="c">AL</subfield>
  </datafield>
  <datafield tag="041" ind1=" " ind2=" ">
    <subfield code="a">Kannada</subfield>
  </datafield>
  <datafield tag="082" ind1=" " ind2=" ">
    <subfield code="a">615.321K PANA</subfield>
  </datafield>
  <datafield tag="100" ind1=" " ind2=" ">
    <subfield code="a">PANAJE PANDITA</subfield>
    <subfield code="d"> &#xCAA;&#xCBE;&#xCA3;&#xCBE;&#xC9C;&#xCC6; &#xCAA;&#xC82;&#xCA1;&#xCBF;&#xCA4;</subfield>
    <subfield code="9">162959</subfield>
  </datafield>
  <datafield tag="245" ind1=" " ind2=" ">
    <subfield code="a">Ajji maddu.</subfield>
    <subfield code="b"> &#xC85;&#xC9C;&#xCCD;&#xC9C;&#xCBF; &#xCAE;&#xCA6;&#xCCD;&#xCA6;&#xCC1; </subfield>
  </datafield>
  <datafield tag="260" ind1=" " ind2=" ">
    <subfield code="a">Panaje</subfield>
    <subfield code="b">Ayurveda Prakashana</subfield>
    <subfield code="c">1988</subfield>
  </datafield>
  <datafield tag="300" ind1=" " ind2=" ">
    <subfield code="a">196,51</subfield>
  </datafield>
  <datafield tag="650" ind1=" " ind2=" ">
    <subfield code="a">Ajjimaddu</subfield>
    <subfield code="9">162960</subfield>
  </datafield>
  <datafield tag="690" ind1=" " ind2=" ">
    <subfield code="a">Pharmacology</subfield>
    <subfield code="9">162961</subfield>
  </datafield>
  <datafield tag="906" ind1=" " ind2=" ">
    <subfield code="a">041917</subfield>
  </datafield>
  <datafield tag="942" ind1=" " ind2=" ">
    <subfield code="2">ddc</subfield>
    <subfield code="c">BK</subfield>
  </datafield>
  <datafield tag="999" ind1=" " ind2=" ">
    <subfield code="c">91771</subfield>
    <subfield code="d">91771</subfield>
  </datafield>
  <datafield tag="952" ind1=" " ind2=" ">
    <subfield code="0">0</subfield>
    <subfield code="1">0</subfield>
    <subfield code="4">0</subfield>
    <subfield code="7">0</subfield>
    <subfield code="8">medical science</subfield>
    <subfield code="a">AL</subfield>
    <subfield code="b">AL</subfield>
    <subfield code="c">medical science</subfield>
    <subfield code="d">2021-02-17</subfield>
    <subfield code="g">30.00</subfield>
    <subfield code="l">1</subfield>
    <subfield code="o">615.321K PANA</subfield>
    <subfield code="p">041917</subfield>
    <subfield code="r">2022-03-21 00:00:00</subfield>
    <subfield code="s">2022-03-21</subfield>
    <subfield code="w">2021-02-17</subfield>
    <subfield code="y">BK</subfield>
  </datafield>
</record>
